[Event "Portugal Open 2018"]
[Site "Lisboa POR"]
[Date "2018.02.03"]
[Round "1.101"]
[White "Coimbra, João"]
[Black "Leão, Tiago"]
[Result "0-1"]
[WhiteElo "1403"]
[BlackElo "2099"]
[WhiteFideId "1901435"]
[BlackFideId "1925563"]
[WhiteCountry "POR"]
[BlackCountry "POR"]
[PlyCount "100"]
[EventDate "2018.??.??"]

1. c3 Nf6 2. d3 d5 3. Nf3 c5 4. h3 Nc6 5. Bg5 e5 6. Qa4 Qc7 7. Bxf6 gxf6 8. Nbd2
Bd7 9. Qb3 Be6 10. c4 d4 11. Qa4 Be7 12. g4 h5 13. Bg2 hxg4 14. hxg4 Rxh1+ 15.
Bxh1 Bxg4 16. O-O-O O-O-O 17. Rg1 f5 18. Kb1 Rh8 19. Qd1 Bf6 20. Bg2 Nd8 21. Rh1
Rg8 22. Bh3 Ne6 23. Bxg4 fxg4 24. Ne1 Bg5 25. Ne4 f5 26. Ng3 Rf8 27. Nc2 Nf4 28.
Nxf5 Rxf5 29. Qg1 Qd7 30. Qxg4 Bd8 31. Qf3 Qc6 32. Rd1 Qxf3 33. exf3 Nh3 34. Ne1
Bg5 35. Kc2 Nxf2 36. Rb1 Bf4 37. b4 cxb4 38. Rxb4 Rg5 39. Kb3 Rg1 40. Nc2 Nxd3
41. Rb5 Rb1+ 42. Ka4 Nb2+ 43. Kb4 b6 44. Rd5 Nd3+ 45. Ka3 Bc1+ 46. Ka4 Nc5+ 47.
Rxc5+ bxc5 48. Ne1 Rb4+ 49. Ka5 Bd2 50. Nd3 Rb3+ 0-1

[Event "Portugal Open 2018"]
[Site "Lisboa POR"]
[Date "2018.02.03"]
[Round "1.102"]
[White "Santos, José Gulherme"]
[Black "Marques, Afonso"]
[Result "1/2-1/2"]
[WhiteElo "2098"]
[BlackElo "1399"]
[WhiteFideId "1939300"]
[BlackFideId "1947184"]
[WhiteCountry "POR"]
[BlackCountry "POR"]
[PlyCount "127"]
[EventDate "2018.??.??"]

1. e4 e5 2. Nf3 Nc6 3. Bb5 a6 4. Ba4 Nf6 5. d3 d6 6. c3 b5 7. Bb3 Bb7 8. O-O Be7
9. Re1 O-O 10. Nbd2 Re8 11. Nf1 Qd7 12. Ng3 Na5 13. Bc2 c5 14. Nf5 c4 15. Bg5
Bd8 16. Bxf6 Bxf6 17. dxc4 Nxc4 18. b3 g6 19. Nh6+ Kg7 20. Nxf7 Kxf7 21. bxc4
bxc4 22. Ba4 Bc6 23. Qd5+ Bxd5 24. Bxd7 Red8 25. Ba4 Be6 26. Rab1 Rab8 27. Bc6
a5 28. Rb5 Rxb5 29. Bxb5 Rb8 30. a4 Ke7 31. h3 h6 32. Kh2 Rf8 33. Rb1 d5 34. Bc6
d4 35. cxd4 exd4 36. e5 Bg5 37. Nxd4 Bf4+ 38. Kg1 Bxe5 39. Nf3 Bc7 40. Be4 g5
41. Rb7 Kd6 42. Nd4 Bd7 43. Bc2 Re8 44. Rb1 Kc5 45. Rd1 Kb4 46. Kf1 Be5 47. Ne2
Bc6 48. Rb1+ Kc5 49. g3 Rf8 50. Ke1 Re8 51. Kd2 Rd8+ 52. Kc1 Rf8 53. f4 gxf4 54.
gxf4 Bxf4+ 55. Nxf4 Rxf4 56. Rb8 Kd4 57. Kb2 Rf2 58. Rd8+ Ke5 59. Kc3 Rf3+ 60.
Kxc4 Rxh3 61. Rh8 Rh4+ 62. Kc5 Bxa4 63. Bxa4 Rxa4 64. Rxh6 1/2-1/2

[Event "Portugal Open 2018"]
[Site "Lisboa POR"]
[Date "2018.02.03"]
[Round "1.103"]
[White "Guerreiro, Nuno"]
[Black "Voges, Guilherme"]
[Result "0-1"]
[WhiteElo "2079"]
[BlackElo "1384"]
[WhiteFideId "1903012"]
[BlackFideId "1947680"]
[WhiteCountry "POR"]
[BlackCountry "POR"]
[PlyCount "60"]
[EventDate "2018.??.??"]

1. Nf3 Nc6 2. d4 d5 3. Bf4 Bf5 4. e3 a6 5. Be2 e6 6. O-O Nf6 7. h3 Bd6 8. Ne5
Bxe5 9. dxe5 Nd7 10. c4 dxc4 11. Bf3 Ncxe5 12. Bxe5 Nxe5 13. Bxb7 Qxd1 14. Rxd1
Ra7 15. g4 Bxb1 16. Raxb1 Rxb7 17. f4 Nc6 18. Rbc1 Na5 19. Rc3 Rxb2 20. Ra3 Rb5
21. Rc1 Ke7 22. Rcc3 Rd8 23. Kf2 Rbd5 24. Ra4 Rd3 25. Rc1 R8d5 26. Kf3 c3 27. h4
Rc5 28. Ra3 Nc4 29. Rxa6 Nb2 30. a4 c2 0-1

[Event "Portugal Open 2018"]
[Site "Lisboa POR"]
[Date "2018.02.03"]
[Round "1.104"]
[White "Costa, Raul"]
[Black "Martins, André"]
[Result "0-1"]
[WhiteElo "1363"]
[BlackElo "2068"]
[WhiteFideId "1956868"]
[BlackFideId "1924281"]
[WhiteCountry "POR"]
[BlackCountry "POR"]
[PlyCount "112"]
[EventDate "2018.??.??"]

1. e4 c5 2. Nf3 a6 3. d4 cxd4 4. Nxd4 d6 5. Bc4 Nf6 6. Nc3 e6 7. O-O Be7 8. f3
O-O 9. Be3 Qc7 10. Qd3 Nbd7 11. Bb3 Nc5 12. Qd2 Rd8 13. Rfe1 b5 14. a3 Nxb3 15.
Nxb3 d5 16. Qf2 Rb8 17. Ba7 Rb7 18. Bc5 dxe4 19. Nxe4 Nxe4 20. Rxe4 Bf6 21. c3
Rd5 22. Rae1 Rb8 23. Bd4 Bxd4 24. Rxd4 Bb7 25. Qh4 Re8 26. Rxd5 Bxd5 27. Nd4 Qd7
28. Qg4 Qd8 29. f4 g6 30. Qh3 Bb7 31. Qg3 Qf6 32. Re5 Rd8 33. h4 Rd5 34. h5 Qg7
35. Rxd5 Bxd5 36. hxg6 hxg6 37. Qg5 f6 38. Qh4 Qf7 39. g4 e5 40. fxe5 fxe5 41.
Qd8+ Kg7 42. Nf5+ gxf5 43. Qg5+ Qg6 44. Qe7+ Bf7 45. Qxe5+ Qf6 46. Qxf5 Qxf5 47.
gxf5 Kf6 48. Kf2 Kxf5 49. Ke3 Ke5 50. Kd2 Bg6 51. Ke3 Kd5 52. Kd2 Kc4 53. Kc1
Kb3 54. a4 Kxa4 55. Kd2 Kb3 56. Kc1 a5 0-1

[Event "Portugal Open 2018"]
[Site "Lisboa POR"]
[Date "2018.02.03"]
[Round "1.105"]
[White "Ribeiro, José"]
[Black "Passeiro, Lourenço"]
[Result "1-0"]
[WhiteElo "2064"]
[BlackElo "1362"]
[WhiteFideId "1901796"]
[BlackFideId "1934848"]
[WhiteCountry "POR"]
[BlackCountry "POR"]
[PlyCount "73"]
[EventDate "2018.??.??"]

1. d4 Nf6 2. Bf4 e6 3. e3 Be7 4. c3 O-O 5. Nd2 d6 6. h3 Nbd7 7. Ngf3 b6 8. a4
Bb7 9. Qb1 c5 10. Bd3 Qc8 11. O-O Ba6 12. c4 d5 13. Rc1 Qd8 14. b3 Rc8 15. Be5
Bb7 16. cxd5 Bxd5 17. Ba6 Ra8 18. e4 Bc6 19. Bh2 Nb8 20. Bd3 h6 21. b4 Nbd7 22.
dxc5 bxc5 23. b5 Bb7 24. Nc4 Nb6 25. Na5 Qc8 26. Ne5 Nfd7 27. Nec6 Re8 28. Nxe7+
Rxe7 29. Bd6 Re8 30. Nxb7 Qxb7 31. a5 c4 32. Be2 Nc8 33. Bg3 Nf6 34. Rxc4 Ne7
35. Be5 Nd7 36. a6 Qb6 37. Bc7 1-0

[Event "Portugal Open 2018"]
[Site "Lisboa POR"]
[Date "2018.02.03"]
[Round "1.106"]
[White "Blum, Ulrike"]
[Black "Nikanova, Ekaterina"]
[Result "0-1"]
[WhiteElo "1326"]
[BlackElo "2048"]
[WhiteFideId "22238832"]
[BlackFideId "13506374"]
[WhiteCountry "ESP"]
[BlackCountry "BLR"]
[PlyCount "36"]
[EventDate "2018.??.??"]

1. c4 f5 2. Nc3 Nf6 3. g3 e6 4. Bg2 c6 5. Nf3 d5 6. cxd5 exd5 7. d4 Be7 8. O-O
O-O 9. Rb1 a5 10. a3 Ne4 11. Nxe4 fxe4 12. Ne5 Bf5 13. e3 Nd7 14. Nxd7 Qxd7 15.
Re1 Bg4 16. Qd2 Rf6 17. b4 axb4 18. Rxb4 Bxb4 0-1

[Event "Portugal Open 2018"]
[Site "Lisboa POR"]
[Date "2018.02.03"]
[Round "1.107"]
[White "Pereira, Fernando Melão"]
[Black "Palhas, Miguel Brando"]
[Result "1-0"]
[WhiteElo "2043"]
[BlackElo "1323"]
[WhiteFideId "1900153"]
[BlackFideId "1961349"]
[WhiteTitle "NM"]
[WhiteCountry "POR"]
[BlackCountry "POR"]
[PlyCount "121"]
[EventDate "2018.??.??"]

1. d4 d5 2. c4 c6 3. Nf3 Nf6 4. Nc3 e6 5. Bg5 Nbd7 6. e3 Be7 7. Rc1 O-O 8. Bd3
b6 9. O-O c5 10. Qe2 Bb7 11. cxd5 Nxd5 12. Bxe7 Qxe7 13. Ba6 Nxc3 14. bxc3 Be4
15. Nd2 Bg6 16. a4 Rad8 17. a5 h5 18. Bd3 Bxd3 19. Qxd3 Nf6 20. Qa6 Qc7 21. h3
Rd5 22. e4 Rg5 23. Nf3 Rg6 24. Ne5 Rg5 25. Qd3 h4 26. Nf3 Rh5 27. axb6 axb6 28.
e5 c4 29. Qe2 Nd5 30. Nd2 Nf4 31. Qg4 Rf5 32. Ne4 g6 33. Nd6 Nd3 34. Nxf5 exf5
35. Qg5 Nxc1 36. Rxc1 Qa7 37. e6 Re8 38. Re1 Qa3 39. Qf6 Qe7 40. exf7+ Qxf7 41.
Rxe8+ Qxe8 42. Kf1 Qf7 43. Qd8+ Kg7 44. Qxb6 Qd5 45. Qc7+ Kh6 46. Qf4+ Kh5 47.
Qe3 Qb5 48. Qe2+ Kg5 49. Qd2+ Kf6 50. Ke2 Qe8+ 51. Qe3 Qe6 52. Qxe6+ Kxe6 53.
Ke3 Kd5 54. Kf4 Ke6 55. Kg5 Kf7 56. Kxh4 Kf6 57. f4 Ke6 58. Kg5 Kf7 59. g4 fxg4
60. hxg4 Kg7 61. d5 1-0

[Event "Portugal Open 2018"]
[Site "Lisboa POR"]
[Date "2018.02.03"]
[Round "1.108"]
[White "McDonald, Margaret"]
[Black "Plasil, Petr"]
[Result "0-1"]
[WhiteElo "1300"]
[BlackElo "2042"]
[WhiteFideId "420417"]
[BlackFideId "359360"]
[WhiteCountry "FRA"]
[BlackCountry "CZE"]
[PlyCount "116"]
[EventDate "2018.??.??"]

1. e4 c5 2. Nc3 Nc6 3. f4 g6 4. Nf3 Bg7 5. Bb5 Nd4 6. O-O a6 7. Be2 e6 8. d3 Ne7
9. Kh1 O-O 10. Rf2 d5 11. e5 Nec6 12. Bf1 b5 13. Nxd4 cxd4 14. Ne2 Bd7 15. b3 f6
16. Qe1 fxe5 17. fxe5 Bxe5 18. Rxf8+ Qxf8 19. g3 Qf5 20. Bf4 Bg7 21. Bg2 g5 22.
Bd2 Rf8 23. Kg1 h6 24. a3 Be8 25. h3 Qe5 26. Rb1 Qd6 27. b4 Bg6 28. Ra1 e5 29.
Qb1 e4 30. Qb3 Kh7 31. Rf1 Rxf1+ 32. Kxf1 Bf6 33. Be1 Bd8 34. Kg1 Bb6 35. Bf2
Qe5 36. Nc1 Ne7 37. Ne2 exd3 38. cxd3 Qxe2 39. Bxd5 Bxd3 40. Bg2 Bc4 41. Qb1+
Kg7 42. Qa1 Nf5 43. g4 Ne3 44. Bxe3 Qxe3+ 45. Kh1 Bc7 46. Qb1 Bd3 47. Qg1 Qxg1+
48. Kxg1 a5 49. bxa5 Bxa5 50. Kf2 Kf6 51. Bf3 Ke5 52. Bg2 Kf4 53. Bf3 Bc3 54.
Bd1 Bd2 55. Bb3 Be3+ 56. Kg2 Bc4 57. Bd1 d3 58. Bf3 Bc1 0-1

[Event "Portugal Open 2018"]
[Site "Lisboa POR"]
[Date "2018.02.03"]
[Round "1.109"]
[White "Mendes, Modeste"]
[Black "Bártolo, Diogo"]
[Result "1-0"]
[WhiteElo "2039"]
[BlackElo "1297"]
[WhiteFideId "1925920"]
[BlackFideId "1946757"]
[WhiteCountry "POR"]
[BlackCountry "POR"]
[PlyCount "75"]
[EventDate "2018.??.??"]

1. e4 e5 2. Nf3 Nf6 3. Nxe5 Nc6 4. Nxc6 dxc6 5. Nc3 Bc5 6. Qf3 Ng4 7. Nd1 O-O 8.
h3 Ne5 9. Qg3 Bd6 10. f4 Ng6 11. d4 Be7 12. Qf2 b5 13. f5 Nh8 14. Bd3 f6 15. Be3
a6 16. g4 Bb7 17. h4 Nf7 18. Qd2 Nd6 19. Nf2 Rb8 20. g5 c5 21. dxc5 Nc4 22.
Bxc4+ bxc4 23. O-O-O Qe8 24. g6 h6 25. Bxh6 Bxc5 26. Be3 Rd8 27. Qe2 Rxd1+ 28.
Rxd1 Bxe3+ 29. Qxe3 Qe5 30. Rd7 Bc6 31. Rxg7+ Kxg7 32. Ng4 Qe7 33. e5 fxe5 34.
Qh6+ Kg8 35. Qh5 Rb8 36. f6 Qc5 37. Qh7+ Kf8 38. Qh8# 1-0

[Event "Portugal Open 2018"]
[Site "Lisboa POR"]
[Date "2018.02.03"]
[Round "1.111"]
[White "Kersten, Julian"]
[Black "Costa, Fábio"]
[Result "1-0"]
[WhiteElo "2032"]
[BlackElo "1207"]
[WhiteFideId "1628542"]
[BlackFideId "1961063"]
[WhiteCountry "AUT"]
[BlackCountry "POR"]
[PlyCount "85"]
[EventDate "2018.??.??"]

1. c4 e5 2. g3 Nf6 3. Bg2 Nc6 4. e3 Bc5 5. Ne2 a5 6. Nbc3 O-O 7. O-O d6 8. a3
Be6 9. d4 exd4 10. exd4 Ba7 11. d5 Bd7 12. dxc6 Bxc6 13. Nd5 h6 14. b3 Bxd5 15.
Bxd5 Nxd5 16. Qxd5 Qf6 17. Rb1 c6 18. Qd3 Rfd8 19. Bb2 Qe6 20. Nf4 Qe7 21. Rbe1
Qd7 22. Qc3 f6 23. Re2 Re8 24. Rfe1 Rxe2 25. Rxe2 Re8 26. Qe1 Rxe2 27. Qxe2 d5
28. cxd5 cxd5 29. Qe6+ Qxe6 30. Nxe6 Kf7 31. Bd4 Bxd4 32. Nxd4 Ke7 33. f4 g6 34.
Kf2 Kd6 35. b4 axb4 36. axb4 Ke7 37. Ke3 Kd6 38. f5 g5 39. g4 Ke5 40. Nf3+ Kd6
41. Kd4 b6 42. b5 Kd7 43. Kxd5 1-0

[Event "Portugal Open 2018"]
[Site "Lisboa POR"]
[Date "2018.02.03"]
[Round "1.112"]
[White "Dong, Fábio"]
[Black "Blum, Gernot"]
[Result "0-1"]
[WhiteElo "1201"]
[BlackElo "2028"]
[WhiteFideId "1958020"]
[BlackFideId "4602030"]
[WhiteCountry "POR"]
[BlackCountry "GER"]
[PlyCount "82"]
[EventDate "2018.??.??"]

1. Nf3 c5 2. c4 Nf6 3. Nc3 Nc6 4. g3 g6 5. Bg2 Bg7 6. O-O O-O 7. d4 cxd4 8. Nxd4
Nxd4 9. Qxd4 d6 10. Qd3 a6 11. Bg5 Qa5 12. Bd2 Qh5 13. Rfe1 Ng4 14. h4 Qc5 15.
Ne4 Qc7 16. Bc3 Ne5 17. Bxe5 Bxe5 18. Rab1 Qa5 19. a3 Bxb2 20. Qb3 Bg7 21. Qb4
Qxb4 22. Rxb4 f5 23. Nd2 Bc3 24. Bxb7 Bxb4 25. Bxa8 Bxd2 26. Rd1 Bc3 27. Rc1 Bb2
28. Rc2 Bxa3 29. Rc3 Bc5 30. e3 Bd7 31. Bb7 a5 32. Kf1 Rb8 33. Bf3 Rb1+ 34. Ke2
a4 35. Rc2 a3 36. Ra2 Rb2+ 37. Rxb2 axb2 38. Bd5+ e6 39. Bxe6+ Bxe6 40. f4 b1=Q
41. Kf3 Qf1# 0-1

[Event "Portugal Open 2018"]
[Site "Lisboa POR"]
[Date "2018.02.03"]
[Round "1.113"]
[White "Mikalsen, Harald"]
[Black "Canelas, Miguel"]
[Result "1-0"]
[WhiteElo "2026"]
[BlackElo "1172"]
[WhiteFideId "1511564"]
[BlackFideId "1941968"]
[WhiteCountry "NOR"]
[BlackCountry "POR"]
[PlyCount "57"]
[EventDate "2018.??.??"]

1. e4 c5 2. Nf3 d6 3. d4 cxd4 4. Nxd4 Nf6 5. Nc3 g6 6. Be2 Bg7 7. Be3 Bd7 8. O-O
Nc6 9. Nb3 O-O 10. f3 Qc7 11. Nb5 Qb8 12. Qd2 a6 13. Nc3 Qc7 14. a4 Rab8 15. a5
Ne5 16. Bb6 Qc6 17. Nd4 Qc8 18. Rac1 Nc4 19. Bxc4 Qxc4 20. b3 Qc8 21. Rfe1 Ne8
22. Nd5 e6 23. Ne7+ Kh8 24. Nxc8 Rxc8 25. c4 Nc7 26. Ne2 Be5 27. f4 Bg7 28. Qxd6
Na8 29. Qxd7 1-0

[Event "Portugal Open 2018"]
[Site "Lisboa POR"]
[Date "2018.02.03"]
[Round "1.114"]
[White "Maissa, Susana"]
[Black "Dumont, André"]
[Result "0-1"]
[WhiteElo "1171"]
[BlackElo "2019"]
[WhiteFideId "1954202"]
[BlackFideId "201910"]
[WhiteCountry "POR"]
[BlackCountry "BEL"]
[PlyCount "74"]
[EventDate "2018.??.??"]

1. Nf3 Nf6 2. g3 b6 3. Bg2 Bb7 4. c4 e6 5. O-O g6 6. d3 Bg7 7. Nc3 O-O 8. Bf4 d6
9. Qc1 Nbd7 10. Bh6 a6 11. Bxg7 Kxg7 12. Re1 Rb8 13. e4 Nc5 14. Qc2 e5 15. Nd1
a5 16. Ne3 Ne6 17. Nd5 Nd7 18. h3 f5 19. Nh2 c6 20. exf5 gxf5 21. Nc3 Nd4 22.
Qd1 Qg5 23. Nf3 Nxf3+ 24. Bxf3 Nf6 25. Kh2 h5 26. Rg1 d5 27. h4 Qg6 28. Qe2 d4
29. Nd1 e4 30. dxe4 fxe4 31. Bh1 c5 32. f3 exf3 33. Bxf3 Bxf3 34. Qe7+ Rf7 35.
Qe5 Re8 36. Qd6 Qc2+ 37. Rg2 Qxg2# 0-1

[Event "Portugal Open 2018"]
[Site "Lisboa POR"]
[Date "2018.02.03"]
[Round "1.115"]
[White "Lopez De Turiso, José Angel"]
[Black "Pina, Tiago"]
[Result "1-0"]
[WhiteElo "2019"]
[BlackElo "1154"]
[WhiteFideId "2207680"]
[BlackFideId "1950673"]
[WhiteCountry "ESP"]
[BlackCountry "POR"]
[PlyCount "67"]
[EventDate "2018.??.??"]

1. d4 Nf6 2. c4 e6 3. Nc3 d5 4. cxd5 exd5 5. Bg5 Be7 6. e3 Nbd7 7. Bd3 O-O 8.
Qc2 h6 9. Bh4 c6 10. Nge2 Re8 11. h3 Qc7 12. g4 Nf8 13. Bxf6 Bxf6 14. Nxd5 Qa5+
15. Ndc3 Bh4 16. O-O Be6 17. Nf4 Qd8 18. Rad1 Qg5 19. Ne4 Qa5 20. Nxe6 Nxe6 21.
Nd6 Reb8 22. Bc4 Qc7 23. Nf5 Ng5 24. Nxh4 Nxh3+ 25. Kg2 Ng5 26. f4 Qd7 27. Qf5
Qxf5 28. Nxf5 Ne4 29. Kf3 Re8 30. d5 cxd5 31. Bxd5 Nf6 32. Bxb7 Rab8 33. Bc6
Rec8 34. Ne7+ 1-0

[Event "Portugal Open 2018"]
[Site "Lisboa POR"]
[Date "2018.02.03"]
[Round "1.116"]
[White "Dong, Rafael"]
[Black "Andias, João"]
[Result "0-1"]
[WhiteElo "1149"]
[BlackElo "2015"]
[WhiteFideId "1958038"]
[BlackFideId "1900862"]
[WhiteCountry "POR"]
[BlackCountry "POR"]
[PlyCount "50"]
[EventDate "2018.??.??"]

1. Nf3 Nf6 2. d4 e6 3. Bf4 d5 4. e3 c5 5. c3 Nc6 6. Be2 cxd4 7. exd4 Be7 8. Nbd2
O-O 9. O-O a6 10. a4 Bd7 11. Ne5 Rc8 12. Qc2 Nxd4 13. Qd3 Nxe2+ 14. Qxe2 Bc6 15.
c4 Bb4 16. Rfd1 Qe8 17. b3 Qe7 18. Rac1 Rfd8 19. Ndf3 a5 20. Nd4 Ne4 21. Qe3 Bc5
22. Ndxc6 bxc6 23. Qe1 Bxf2+ 24. Qxf2 Nxf2 25. Kxf2 f6 0-1

[Event "Portugal Open 2018"]
[Site "Lisboa POR"]
[Date "2018.02.04"]
[Round "2.1"]
[White "Jobava, Baadur"]
[Black "Ferrante, Marco"]
[Result "1-0"]
[WhiteElo "2685"]
[BlackElo "2267"]
[WhiteFideId "13601520"]
[BlackFideId "816035"]
[WhiteTitle "GM"]
[WhiteCountry "GEO"]
[BlackCountry "ITA"]
[PlyCount "93"]

1. b3 d5 2. Bb2 Bf5 3. e3 e6 4. Nc3 Nf6 5. h3 h6 6. Nge2 Bh7 7. Ng3 a6 8. Bd3
Bxd3 9. cxd3 Nc6 10. O-O Be7 11. Nce2 h5 12. f4 h4 13. Nh1 Qd7 14. Nf2 Bc5 15.
Rc1 Ba7 16. d4 Ne7 17. Nd3 c6 18. Nc5 Qc7 19. b4 Nf5 20. a4 Qe7 21. Rf3 Rd8 22.
d3 Bxc5 23. dxc5 Nh5 24. Qe1 f6 25. e4 Nfg3 26. Nxg3 Nxg3 27. e5 Nf5 28. d4 Kf7
29. Rd1 Qd7 30. Bc1 Ra8 31. Rb3 Rab8 32. Be3 Qc7 33. Bf2 fxe5 34. fxe5 g5 35.
Qe2 Kg6 36. b5 axb5 37. axb5 Ra8 38. Rdb1 Rh7 39. Qg4 cxb5 40. Rxb5 Ra2 41. Rb6
Qd7 42. Be3 Nxe3 43. Rxe6+ Kg7 44. c6 Rxg2+ 45. Qxg2 Qxe6 46. Qxg5+ Qg6 47.
Rxb7+ 1-0

[Event "Portugal Open 2018"]
[Site "Lisboa POR"]
[Date "2018.02.04"]
[Round "2.2"]
[White "Ölçüm, Ahmet"]
[Black "Demchenko, Anton"]
[Result "0-1"]
[WhiteElo "2267"]
[BlackElo "2671"]
[WhiteFideId "6311393"]
[BlackFideId "4160258"]
[WhiteTitle "CM"]
[BlackTitle "GM"]
[WhiteCountry "TUR"]
[BlackCountry "RUS"]
[PlyCount "94"]

1. d4 Nf6 2. Nf3 g6 3. Bf4 Bg7 4. e3 d6 5. h3 O-O 6. Be2 b6 7. O-O Bb7 8. c4 Ne4
9. Nbd2 Nd7 10. Nxe4 Bxe4 11. Nd2 Bb7 12. Bf3 Qc8 13. Bxb7 Qxb7 14. Qf3 Rab8 15.
Qxb7 Rxb7 16. Nf3 c5 17. Rac1 h6 18. Rfd1 f5 19. Bh2 g5 20. b3 Nb8 21. Rc2 Nc6
22. d5 Nb4 23. Re2 b5 24. h4 Bf6 25. hxg5 hxg5 26. a3 Na6 27. e4 bxc4 28. bxc4
fxe4 29. Rxe4 Rfb8 30. Bg3 Rb1 31. Rxb1 Rxb1+ 32. Kh2 Kf7 33. Kh3 Nc7 34. Kg4
Kg6 35. Nd2 Rb2 36. Nf1 Ne8 37. Ne3 Ng7 38. f4 gxf4 39. Bxf4 Ra2 40. Kf3 Rxa3
41. g4 a5 42. Ke2 a4 43. Nc2 Rc3 44. Kd2 Rh3 45. g5 Bc3+ 46. Ke2 Kf5 47. Re3 Nh5
0-1

[Event "Portugal Open 2018"]
[Site "Lisboa POR"]
[Date "2018.02.04"]
[Round "2.3"]
[White "Ghamarian, Tigran"]
[Black "Koziol, Kamil"]
[Result "1-0"]
[WhiteElo "2622"]
[BlackElo "2257"]
[WhiteFideId "13301527"]
[BlackFideId "1161555"]
[WhiteTitle "GM"]
[BlackTitle "FM"]
[WhiteCountry "FRA"]
[BlackCountry "POL"]
[PlyCount "135"]

1. e4 c5 2. Nf3 d6 3. Bb5+ Nd7 4. d4 cxd4 5. Qxd4 a6 6. Bxd7+ Bxd7 7. Nc3 e5 8.
Qd3 h6 9. Nd2 Rc8 10. Nc4 Qc7 11. Ne3 Nf6 12. a4 Be6 13. O-O Be7 14. Rd1 O-O 15.
Bd2 Rfd8 16. Be1 Bc4 17. Qd2 Qc6 18. b3 Be6 19. Qd3 Rd7 20. Ra2 Bd8 21. a5 b5
22. axb6 Bxb6 23. Ned5 Bxd5 24. Nxd5 Nxd5 25. exd5 Qb7 26. Qxa6 Bd4 27. Qxb7
Rxb7 28. c3 Bxc3 29. Rc2 Rbc7 30. Rdc1 Ba5 31. Rxc7 Rxc7 32. Rxc7 Bxc7 33. Bd2
Kf8 34. g4 Ke7 35. Kf1 Bb6 36. Ke2 Kd7 37. f3 Bd8 38. Kd3 Bg5 39. Be1 Bf4 40. h4
g6 41. h5 Kc7 42. Ba5+ Kc8 43. Kc4 Bg5 44. Kb5 Kb7 45. Bb4 Be7 46. Bd2 gxh5 47.
gxh5 Bf8 48. Bb4 f5 49. Bd2 Bg7 50. Kc4 Bf8 51. Bc3 Be7 52. Be1 Bg5 53. Bb4 Be7
54. Kb5 Bf8 55. Ba5 Be7 56. Bd2 Bf8 57. f4 exf4 58. Bxf4 Kc7 59. Ka6 Bg7 60. b4
Be5 61. Be3 f4 62. Ba7 f3 63. b5 Kd7 64. Bf2 Bf6 65. b6 Bd8 66. b7 Bc7 67. Ka7
Ke7 68. Bh4+ 1-0

[Event "Portugal Open 2018"]
[Site "Lisboa POR"]
[Date "2018.02.04"]
[Round "2.4"]
[White "Schwartz, Ylon"]
[Black "Sevian, Samuel"]
[Result "0-1"]
[WhiteElo "2263"]
[BlackElo "2617"]
[WhiteFideId "2009323"]
[BlackFideId "2040506"]
[WhiteTitle "FM"]
[BlackTitle "GM"]
[WhiteCountry "USA"]
[BlackCountry "USA"]
[PlyCount "102"]

1. e4 g6 2. d4 Bg7 3. c3 d6 4. f4 Nf6 5. Bd3 e5 6. Nf3 Bg4 7. fxe5 dxe5 8. dxe5
Nfd7 9. e6 Bxe6 10. Bg5 Qc8 11. O-O O-O 12. Nbd2 Nc6 13. Nb3 Nde5 14. Nxe5 Nxe5
15. Nc5 Re8 16. Nxe6 Qxe6 17. Bc2 Qb6+ 18. Kh1 Qxb2 19. Rb1 Qxc3 20. Rxb7 h6 21.
Bf4 Qc6 22. Qb1 Re7 23. Bb3 Qa6 24. Bxe5 Bxe5 25. Rb5 Rf8 26. Rd5 Kg7 27. Rd3 c5
28. Qc2 Bd4 29. Rdf3 Qb7 30. e5 Bxe5 31. Qxc5 Qc7 32. Qxc7 Rxc7 33. g3 h5 34.
Kg2 Rd7 35. R1f2 f6 36. Re2 Rfd8 37. Rfe3 Kh6 38. Re4 Rd3 39. R2e3 Rxe3 40. Rxe3
Rd2+ 41. Kh1 h4 42. Bc4 Bd6 43. Bb3 f5 44. Bc4 Bc7 45. Rf3 Kg5 46. Re3 h3 47.
Bb3 Kg4 48. Rc3 Be5 49. Re3 Rf2 50. Bd1+ Kg5 51. Re1 Bc3 0-1

[Event "Portugal Open 2018"]
[Site "Lisboa POR"]
[Date "2018.02.04"]
[Round "2.5"]
[White "Indjic, Aleksandar"]
[Black "Corbalan Gomez, Juan Jose"]
[Result "1-0"]
[WhiteElo "2612"]
[BlackElo "2245"]
[WhiteFideId "911925"]
[BlackFideId "2260492"]
[WhiteTitle "GM"]
[WhiteCountry "SRB"]
[PlyCount "59"]

1. c4 c5 2. Nf3 Nc6 3. Nc3 g6 4. e3 Nf6 5. d4 cxd4 6. exd4 d5 7. cxd5 Nxd5 8.
Qb3 e6 9. Bb5 Bg7 10. Bg5 Qd6 11. Ne4 Qb4+ 12. Qxb4 Ndxb4 13. Nd6+ Kf8 14. O-O
h6 15. Bh4 g5 16. Bg3 g4 17. Ne5 Bxe5 18. dxe5 a6 19. Bxc6 Nxc6 20. f3 Bd7 21.
fxg4 Be8 22. Rac1 Rb8 23. h3 Rh7 24. Kh2 Ke7 25. Bh4+ Kd7 26. Rfd1 Kc7 27. Bf6
Bd7 28. b4 b5 29. Ne4 Rb6 30. Rd6 1-0

[Event "Portugal Open 2018"]
[Site "Lisboa POR"]
[Date "2018.02.04"]
[Round "2.6"]
[White "Yuksel, Atilla Koksal"]
[Black "Petrov, Nikita"]
[Result "0-1"]
[WhiteElo "2248"]
[BlackElo "2573"]
[WhiteFideId "6306667"]
[BlackFideId "4101286"]
[BlackTitle "IM"]
[BlackCountry "RUS"]
[PlyCount "58"]

1. e4 e5 2. d4 exd4 3. Qxd4 Nc6 4. Qe3 Nf6 5. Nc3 Bb4 6. Bd2 O-O 7. O-O-O Re8 8.
Qg3 Rxe4 9. a3 Bxc3 10. Bxc3 d5 11. f3 Re3 12. Bd3 d4 13. Qh4 Qd6 14. Bd2 Rxd3
15. cxd3 Bf5 16. Bf4 Qc5+ 17. Kb1 Qb5 18. Qe1 Nd5 19. Bd2 Bxd3+ 20. Ka1 Bc4 21.
Rc1 Qb3 22. Rxc4 Qxc4 23. Nh3 d3 24. Qc1 Qb3 25. Bc3 Nxc3 26. Qxc3 Qxc3 27. bxc3
Ne5 28. Rd1 Rd8 29. Kb2 Nc4+ 0-1

[Event "Portugal Open 2018"]
[Site "Lisboa POR"]
[Date "2018.02.04"]
[Round "2.7"]
[White "Korneev, Oleg"]
[Black "Godzwon, Iwo"]
[Result "1/2-1/2"]
[WhiteElo "2554"]
[BlackElo "2240"]
[WhiteFideId "4156803"]
[BlackFideId "21802483"]
[WhiteTitle "GM"]
[WhiteCountry "ESP"]
[BlackCountry "POL"]
[PlyCount "184"]

1. e4 c5 2. Nf3 Nc6 3. d4 cxd4 4. Nxd4 g6 5. c4 Bg7 6. Be3 Nf6 7. Nc3 d6 8. Be2
O-O 9. O-O Bd7 10. Qd2 Nxd4 11. Bxd4 Bc6 12. Bd3 a5 13. Rae1 Nd7 14. Bxg7 Kxg7
15. Re3 e5 16. Rh3 h5 17. Be2 Nf6 18. Rd3 Qe7 19. Rxd6 Nxe4 20. Nxe4 Bxe4 21.
Rd1 Bc6 22. Qe3 Rfd8 23. c5 Rxd6 24. Rxd6 Rc8 25. Bxh5 b6 26. Be2 bxc5 27. Qxc5
Rc7 28. Qa3 Qg5 29. f3 Rc8 30. Rd1 Ba8 31. Qd3 Rc5 32. Qd2 Qf6 33. Qd8 Rc2 34.
Qxf6+ Kxf6 35. Rd6+ Kg7 36. Kf1 Rxb2 37. Ra6 Bd5 38. Rxa5 Bxa2 39. Rxe5 Be6 40.
h4 Rb4 41. g3 Bc4 42. Bxc4 Rxc4 43. h5 gxh5 44. Rxh5 Rc2 45. Re5 Kg6 46. Re2 Rc3
47. Kg2 Ra3 48. Rb2 Rc3 49. Rb6+ Kg5 50. g4 Ra3 51. Rb5+ Kg6 52. f4 Ra4 53. Kg3
Ra3+ 54. Kh4 Ra1 55. Rb6+ Kg7 56. Kg5 Rg1 57. f5 Ra1 58. Rb4 Rf1 59. Rb2 Rf3 60.
Rb6 Ra3 61. Kh4 Ra1 62. Rb3 Rf1 63. Kg5 Rf2 64. Rb7 Rf1 65. Kh4 Rf2 66. Kh5 Rh2+
67. Kg5 Rf2 68. Ra7 Rf1 69. Ra6 Rb1 70. Ra3 Rf1 71. Ra7 Rf2 72. Ra1 Rf3 73. Kh4
Kf6 74. Ra6+ Kg7 75. Ra5 Rf1 76. Kg3 Kf6 77. Ra8 Rg1+ 78. Kf3 Rf1+ 79. Kg2 Rb1
80. Rg8 Rb3 81. Kf2 Ra3 82. Re8 Kg5 83. Rg8+ Kf6 84. Kg2 Rb3 85. Rh8 Kg5 86. Rh7
Kxg4 87. Rxf7 Rg3+ 88. Kh2 Rh3+ 89. Kg1 Rg3+ 90. Kf2 Rf3+ 91. Ke2 Rxf5 92. Rxf5
Kxf5 1/2-1/2